000
00296nam a22001337a 4500
003
OSt
008
220511b ||||| |||| 00| 0 eng d
020
_a
978-81-291-1600-0
100
_a
KHERA,Shiv
245
_a
You Can Sell
260
_a
New Delhi
_b
Rupa
_c
2010
300
_a
300
942
_2
ddc
_c
BK
999
_c
11218
_d
11218